| 000 | 00350 a2200157 4500 | ||
|---|---|---|---|
| 001 | 154434 | ||
| 020 | _a8532259774 | ||
| 040 | _cEscola São Tomás de Aquino | ||
| 100 | _aBARRIGA, Heliana | ||
| 240 | 1 | 0 |
_aA abelha abelhuda _lpor |
| 245 | 1 | 0 | _aA abelha abelhuda |
| 300 | _a15 | ||
| 362 | 0 | _a2007 | |
| 697 | _a*LITERATURA INFANTIL | ||
| 942 | _cBK | ||
| 999 |
_c154434 _d154434 |
||